<?xml version="1.0" encoding="UTF-8"?>
<marc:record xmlns:marc="http://www.loc.gov/MARC21/slim">
   <marc:leader>00000nam a2200000 a 4500</marc:leader>
   <marc:datafield ind1="1" ind2=" " tag="100">
      <marc:subfield code="a">Wilhilde, Elisabeth</marc:subfield>
      <marc:subfield code="4">aut</marc:subfield>
      <marc:subfield code="e">Verfasser/-in</marc:subfield>
   </marc:datafield>
   <marc:datafield ind1=" " ind2=" " tag="653">
      <marc:subfield code="a">Bau</marc:subfield>
   </marc:datafield>
   <marc:datafield ind1=" " ind2=" " tag="653">
      <marc:subfield code="a">Wohnen</marc:subfield>
   </marc:datafield>
   <marc:datafield ind1=" " ind2=" " tag="653">
      <marc:subfield code="a">Einrichtung</marc:subfield>
   </marc:datafield>
   <marc:datafield ind1=" " ind2=" " tag="653">
      <marc:subfield code="a">Stil</marc:subfield>
   </marc:datafield>
   <marc:datafield ind1="0" ind2="0" tag="245">
      <marc:subfield code="a">Das Buch der Wohnideen</marc:subfield>
   </marc:datafield>
   <marc:datafield ind1="0" ind2="0" tag="245">
      <marc:subfield code="b">Bildband</marc:subfield>
   </marc:datafield>
   <marc:datafield ind1=" " ind2="1" tag="264">
      <marc:subfield code="b">DuMont monte Verlag</marc:subfield>
      <marc:subfield code="c">2002</marc:subfield>
   </marc:datafield>
   <marc:datafield ind1="1" ind2=" " tag="520">
      <marc:subfield code="a">Sir Terence Conran, mit dem Namen des englischen Designers von Weltruf verbinden sich Qualität und ein Stil, der durch seine schlichte Eleganz zu überzeugen weiß. Diese bewusste Zurückhaltung ist mehr als ein einfacher, vergänglicher Modegag. Es ist die Einrichtungsphilosophie eines Ästheten, der sich auf das Wesentliche konzentriert und dessen Konzept durch anhaltenden Erfolg Bestätigung findet. Vorliegendes, über 270 Seiten starkes, 35x26 cm großes, Buch der Wohnideen zeigt Conran "at his best". In ihm geht es um mehr als um einfache Tipps zur Innenarchitektur. Es ist der Versuch, umfassend darzulegen, wie die grundlegenden Funktionsweisen eines Hauses bzw. einer Wohnung zu verstehen sind. Es geht darum, dem Leser zu helfen, herauszufinden, was er oder sie einrichtungstechnisch wirklich will und wie es in die Praxis umzusetzen ist. Egal, ob es um umbauen, renovieren oder neu bauen geht, mit Hilfe von Conrans Anregungen gelingt es dem Interessierten, sein Wohnglück selbst in die Hand zu nehmen.  So schlicht Conrans Philosophie ist, so ausführlich ist zugleich ihre Darstellung in diesem Werk. Da werden zunächst Gedanken zu Raum, Licht und Farbe ausführlich behandelt, um sich dann intensiv den einzelnen Räumen von Küche bis Spielzimmer zu widmen. Hinweise zu Wandverkleidungen, Bodenbelägen und Möblierungen fehlen ebenso wenig wie Notfallreparaturen im Bad und Ausführungen zur Sicherheit im Heim. Und immer wieder werden die nützlichen Tipps und Tricks durch anschauliche Zeichnungen sowie mehr als 650 Farbfotos von Wohnungen aus aller Welt verdeutlicht. Systematisch wird so ein Wissen vermittelt, mit dessen Hilfe es dem Leser gelingt, die eigenen Bedürfnisse zu erkennen und mit Freude und "Gewusst-Wie" in eigene Wohnideen umzusetzen. --Anne Hauschild *amazon.de*</marc:subfield>
   </marc:datafield>
   <marc:datafield ind1=" " ind2=" " tag="020">
      <marc:subfield code="a">9783832085803</marc:subfield>
      <marc:subfield code="9">9783832085803</marc:subfield>
   </marc:datafield>
</marc:record>
